Teatro selecto. Tomo I. Dramas religiosos y filosóficos: La vida es sueño. La devoción de la cruz. El mágico prodigioso. El príncipe constante
Guardat en:
| Autor principal: | |
|---|---|
| Format: | Llibre |
| Idioma: | Undetermined |
| Publicat: |
Madrid, España
Sucesores de Hernando
1920
|
| Matèries: | |
| Etiquetes: |
Afegir etiqueta
Sense etiquetes, Sigues el primer a etiquetar aquest registre!
|
MARC
| LEADER | 00000nam a2200000Ia 4500 | ||
|---|---|---|---|
| 008 | 170316s9999 xx 000 0 und d | ||
| 040 | |a cru BVZT | ||
| 090 | |a 862 C-3t v.1 | ||
| 100 | |a Calderón de la Barca, Pedro | ||
| 245 | |a Teatro selecto. Tomo I. Dramas religiosos y filosóficos: La vida es sueño. La devoción de la cruz. El mágico prodigioso. El príncipe constante |c D. Marcelino Menéndez Pelayo, estudio crítico | ||
| 260 | |a Madrid, España | ||
| 260 | |b Sucesores de Hernando | ||
| 260 | |c 1920 | ||
| 300 | |a 429 páginas Tomo I | ||
| 650 | |a LITERATURA ESPAÑOLA | ||
| 650 | |a TEATRO | ||
| 650 | |a DRAMAS RELIGIOSOS Y FILOSÓFICOS | ||
| 999 | |c 9744 |d 9744 | ||
| 942 | |c 15 D |h 862 C-3t v.1 |2 z | ||
